Detalles MARC
| 000 -CABECERA |
| Longitud fija campo de control |
01472nam a2200337 i 4500 |
| 003 - • IDENTIFICADOR DELl NÚMERO DE CONTROL |
| Identificador del número de control |
CO-BoRNBP |
| 005 - • FECHA Y HORA DE LA ÚLTIMA TRANSACCIÓN |
| Fecha y hora de la última transacción |
20250226104246.0 |
| 007 - • CAMPO FIJO DE DESCRIPCIÓN FÍSICA |
| Campo fijo de descripción física |
ta |
| 008 - • CÓDIGOS DE INFORMACIÓN DE LONGITUD FIJA |
| Códigos de información de longitud fija |
231009t2019 ck a|||g| 001 0|spa | |
| 020 ## - • NÚMERO INTERNACIONAL NORMALIZADO PARA LIBROS |
| Número Internacional Normalizado para Libros (ISBN) |
9789584277251 |
| 020 ## - • NÚMERO INTERNACIONAL NORMALIZADO PARA LIBROS |
| Número Internacional Normalizado para Libros (ISBN) |
9584277251 |
| 040 ## - FUENTE DE LA CATALOGACIÓN |
| Centro catalogador de origen |
CO-BoRNBP |
| Lengua de catalogación |
spa |
| Normas de descripción |
rda |
| Centro transcriptor |
CO-BoRNBP |
| 041 1# - • CÓDIGO DE LENGUA |
| Código de lengua del texto/banda sonora o título independiente |
spa |
| Código de lengua original |
dut |
| 082 04 - • NÚMERO DE LA CLASIFICACIÓN DECIMAL DEWEY |
| Número de clasificación (R) |
658.406 |
| Número del ítem |
W85e |
| 100 1# - • PUNTO DE ACCESO PRINCIPAL-NOMBRE DE PERSONA |
| Nombre de persona |
Wulfen, Gijs Van |
| Fechas asociadas al nombre |
1960- |
| Término indicativo de función |
autor |
| 245 13 - • TITULO PROPIAMENTE DICHO |
| Título |
La expedición hacia la información |
| Resto del título |
una caja de herramientas visual para despertar la creatividad y el ingenio/ |
| Mención de responsabilidad, etc. |
Gijs Van Wulfen ; traducción Inés Elvira Rocha |
| 250 ## - • MENCIÓN DE EDICIÓN |
| Mención de edición |
Primera edición |
| 264 #1 - PRODUCCIÓN, PUBLICACIÓN , DISTRIBUCIÓN, FABRICACIÓN Y COPYRIGHT |
| Lugar de producción, publicación, distribución, fabricación |
Bogotá, Colombia |
| Nombre del productor, editor, distribuidor, fabricante |
Planeta Colombiana S.A. |
| Fecha de de producción, publicación, distribución, fabricación o copyright |
2019 |
| 300 ## - • DESCRIPCIÓN FÍSICA |
| Extensión |
248 páginas |
| Dimensiones |
24 cm |
| Otras características físicas |
ilustraciones a color |
| 336 ## - TIPO DE CONTENIDO |
| Término de tipo de contenido |
texto |
| Código de tipo de contenido |
txt |
| Fuente |
rdacontent |
| 337 ## - TIPO DE MEDIO |
| Nombre del tipo de medio |
sin mediación |
| Código del tipo de medio |
n |
| Fuente |
rdamedia |
| 338 ## - TIPO DE SOPORTE |
| Nombre del tipo de soporte |
volumen |
| Código del tipo de soporte |
nc |
| Fuente |
rdacarrier |
| 505 0# - • NOTA DE CONTENIDO CON FORMATO |
| Nota de contenido con formato |
Los exploradores famosos innovan. -- Innove al estilo de las expediciones. -- Toda máquina. -- Observe y aprenda. -- Plantee ideas. -- Pruebe las ideas. -- El regreso. -- Hágalo. -- La caja de herramientas de la innovación |
| 521 ## - • NOTA DE PÚBLICO DESTINATARIO |
| Nota público destinatario (R ) |
Recomendado para un público mayor de 15 años |
| 650 17 - • PUNTO DE ACCESO ADICIONAL DE MATERIA - TÉRMINO DE MATERIA |
| Término de materia o nombre geográfico como elemento inicial |
Aptitud creadora en los negocios |
| Fuente del encabezamiento o término |
LEMB |
| 650 17 - • PUNTO DE ACCESO ADICIONAL DE MATERIA - TÉRMINO DE MATERIA |
| Término de materia o nombre geográfico como elemento inicial |
Productos nuevos |
| Fuente del encabezamiento o término |
LEMB |
| 650 17 - • PUNTO DE ACCESO ADICIONAL DE MATERIA - TÉRMINO DE MATERIA |
| Término de materia o nombre geográfico como elemento inicial |
Planificación de la producción |
| Fuente del encabezamiento o término |
LEMB |
| 650 17 - • PUNTO DE ACCESO ADICIONAL DE MATERIA - TÉRMINO DE MATERIA |
| Término de materia o nombre geográfico como elemento inicial |
Cambio organizacional |
| Subdivisión de materia general |
Administración |
| Fuente del encabezamiento o término |
LEMB |
| 700 1# - • PUNTO DE ACCESO ADICIONAL - NOMBRE DE PERSONA |
| Nombre de persona |
Rocha, Inés Elvira |
| Término indicativo de función |
traductora |
| 942 ## - ENTRADA DE ELEMENTOS AGREGADOS (KOHA) |
| Fuente de clasificaión o esquema |
Dewey Decimal Classification |
| Koha [por defecto] tipo de item |
LIbro |